000 00302nam a2200109 4500
999 _c12366
_d12366
008 190123b ||||| |||| 00| 0 eng d
245 _aGov't employees urged to observe 4 p.m. habit.
260 _aDavao City
_bSun Star Davao
_cc2018
300 _apage 12.
650 0 _934903
_aDengue.
942 _2ddc
_cPER